Normal view
MARC view
Entry Personal Name
001 - CONTROL NUMBER
- control field: 64407
003 - CONTROL NUMBER IDENTIFIER
- control field: dpl
005 - DATE AND TIME OF LATEST TRANSACTION
- control field: 20240408155251.0
008 - FIXED-LENGTH DATA ELEMENTS
- fixed length control field: 240408|| aca||aabn | a|a d
040 ## - CATALOGING SOURCE
- Original cataloging agency: dpl
- Transcribing agency: dpl
100 ## - HEADING--PERSONAL NAME
- Personal name: Prabhu, K. Seeta
670 ## - SOURCE DATA FOUND
- Source citation: Work cat.: (dpl)201980: Prabhu, K. Seeta, Economic Reform and Social Sector Development;, 2001
